000 00293nam a22001337a 4500
008 170926b xxu||||| |||| 00| 0 eng d
020 _a9780822020660
041 _aeng
080 _a37
100 _a46
101 _aEDU
245 _aLAW SCHOOL ADMISSION TEST
_cORTON,P.Z
942 _2udc
_cBK
999 _c30040
_d30040